000 00601cam a22001814a 4500
005 20250605164357.0
008 250528s ||||||||||||||||||||||||d
035 _a24374
040 _aGR-AtMCL
_bgre
_dGR-AtMCL
_eAACR2
245 1 _aAramco World
260 _bAramco Services Company,
_c2019
300 _a40
520 _aThe Handwritten Heritage of South Africa's Kitabs, A Crude History, Montpellier's Multicultural Medicine, Modernism Awakening, Women Behind the Lens, Sirens of the Seagrass.
700 1 _aAbul Hamayel Basil A.
_99456
942 _cCR
999 _c9262
_d9262